Auswanderungen Australien - Statistiken

Allgemein
  • Dieses Quiz wurde 62 mal gespielt
  • Das Durchschnittsergebnis liegt bei 14 aus 19
Antwortstatistiken
Platz Land Anzahl % Korrekt
11. Deutschland 14.000
98%
1. Vereinigte Staaten 147.000
98%
3. China 95.000
95%
13. Japan 10.000
93%
16. Frankreich 9.000
91%
6. Italien 30.000
91%
4. Neuseeland 70.000
91%
18. Spanien 6.000
91%
2. Vereinigtes Königreich 113.000
91%
5. Kanada 62.910
89%
6. Indonesien 30.000
81%
18. Malaysia 6.000
72%
9. Singapur 20.000
70%
17. Schweiz 8.000
63%
13. Papua-Neuguinea 10.000
56%
12. Südafrika 12.000
54%
10. Griechenland 20.000
53%
13. Malta 10.000
14%
8. Libanon 22.500
7%
Keine übereinstimmenden Quizze gefunden
Verteilung der Resultate
Anzahl Personen mit jedem Resultat
Perzentil nach korrekt beantworteten Fragen
Ihre Resultats-Entwicklung
Sie haben dieses Quiz noch nicht gespielt